|
|
|
แสดงรายละเอียดบรรณานุกรม |
|
|
Brief Record
: Get Marc (ISO 2709)
: E-mail record
: |
|
|
| LEADER 01174nam 2200277 a 4500 | |||
| 001 40301 | |||
| 003 ULIBM | |||
| 008 030417s2004 caua sb 001 0 eng | |||
| 020 ^a974-657-107-9 | |||
| 082 ^a634^bธ-พ | |||
| 100 ^aธวัชชัย รัตน์ชเลศ | |||
| 245 ^aพันธุ์ไม้ผลการค้าในประเทศไทย คู่มือเลือกพันธุ์สำหรับผู้ปลูก/^cธวัชชัย รัตน์ชเลศ | |||
| 260 ^aกรุงเทพฯ:^bรั้วเขียว,^c2542 | |||
| 300 ^a292 หน้า : | |||
| 650 ^aไม้ผล | |||
| 700 ^aศิวาพร ธรรมดี,^eผู้แต่งร่วม | |||
| 913 ^aImported by ULIBM Administrator | |||
| 949 ^aImport form external file by ULIBM system | |||
| คุณยังไม่ได้ล็อกอิน คุณสามารถมีกิจกรรมร่วมกับเว็บไซต์ได้ แต่ต้องล็อกอินก่อน :: |
|
| สถานะ | |||||||||
| 1. | หนังสือ | 634 ธ-พ 2004 Barcode: 066483 | ►หนังสือทั่วไป | On Shelf ขอยืม | |||||
| [แสดง 1/1 รายการ] | |||||||||

BibComment |
| คอมเมนท์ทรัพยากรรายการนี้ |
|
|
ห้องสมุดโรงเรียนสามัคคีวิทยาคม
159 ถ.บรรพปราการ ต.เวียง อ.เมือง จ.เชียงราย 57000
โทร. 053-711018 โทรสาร 053-713003